[Event "2BLN 2324 SK Zehlendorf - SK Doppelbauer"]
[Site "?"]
[Date "2023.12.03"]
[Round "4.5"]
[White "Ermitsch, Magnus"]
[Black "Stachowiak, Kamil"]
[Result "1-0"]
[WhiteElo "2273"]
[BlackElo "2435"]
[PlyCount "41"]
[EventDate "2023.??.??"]

1. e4 c5 2. Nf3 e6 3. d4 cxd4 4. Nxd4 a6 5. Bd3 Qc7 6. Qe2 Nc6 7. Nxc6 bxc6 8. e5 f5 9. Nd2 Ne7 10. Nc4 Ng6 11. g4 d5 12. exd6 Bxd6 13. gxf5 Ne5 14. Qh5+ Nf7 15. Rg1 Bf8 16. Be3 exf5 17. Bc5 Be6 18. O-O-O O-O-O 19. Bb6 Qb7 20. Ne5 Qxb6 21. Bxf5 1-0

[Event "2BLN 2324 SK Zehlendorf - SK Doppelbauer"]
[Site "?"]
[Date "2023.12.03"]
[Round "4.6"]
[White "Luch, Michal"]
[Black "Haug, Havard"]
[Result "1/2-1/2"]
[WhiteElo "2337"]
[BlackElo "2309"]
[PlyCount "33"]
[EventDate "2023.??.??"]

1. d4 d5 2. Nf3 e6 3. Bg5 Nf6 4. c3 c5 5. e3 Be7 6. Nbd2 O-O 7. Bd3 h6 8. Bh4 b6 9. Ne5 Nfd7 10. Bxe7 Qxe7 11. Ndf3 Nxe5 12. Nxe5 Nd7 13. Qh5 Nxe5 14. Qxe5 Bb7 15. O-O Rac8 16. Rad1 Qg5 17. f4 1/2-1/2

[Event "2BLN 2324 SK Zehlendorf - SK Doppelbauer"]
[Site "?"]
[Date "2023.12.03"]
[Round "4.7"]
[White "Boe, Mads"]
[Black "Meister, Jakob"]
[Result "1/2-1/2"]
[WhiteElo "2277"]
[BlackElo "2428"]
[PlyCount "96"]
[EventDate "2023.??.??"]

1. d4 d5 2. Nf3 Nf6 3. Bf4 e6 4. e3 Bd6 5. Bg3 Bxg3 6. hxg3 Qd6 7. Nbd2 Nbd7 8. c3 e5 9. dxe5 Nxe5 10. Nxe5 Qxe5 11. Qa4+ Bd7 12. Qf4 Qxf4 13. gxf4 O-O-O 14. Be2 Rhe8 15. Nf3 Re7 16. Rd1 Bg4 17. Nd4 Bd7 18. Nf3 h6 19. Bd3 Bg4 20. Be2 Bxf3 21. Bxf3 c6 22. Be2 Ne4 23. Bd3 Nd6 24. Rh5 f6 25. Ke2 b5 26. g4 Kd7 27. a4 bxa4 28. c4 Rb8 29. cxd5 Rxb2+ 30. Rd2 Rxd2+ 31. Kxd2 Ne4+ 32. Bxe4 Rxe4 33. dxc6+ Kxc6 34. Kc3 a3 35. Ra5 Kb6 36. Rxa3 a5 37. Rb3+ Kc6 38. Rb8 Re7 39. Ra8 Kb6 40. Kb3 Ra7 41. Re8 Kc5 42. g5 hxg5 43. fxg5 Kd5 44. gxf6 gxf6 45. e4+ Kd6 46. f4 a4+ 47. Ka3 Kc5 48. e5 fxe5 1/2-1/2

[Event "2BLN 2324 SK Zehlendorf - SK Doppelbauer"]
[Site "?"]
[Date "2023.12.03"]
[Round "4.8"]
[White "Lagunow, Alexander"]
[Black "Junge, Ralph"]
[Result "0-1"]
[WhiteElo "2355"]
[BlackElo "2251"]
[PlyCount "66"]
[EventDate "2023.??.??"]

1. c4 e6 2. Nc3 d5 3. d4 c5 4. cxd5 cxd4 5. Qa4+ Bd7 6. Qxd4 exd5 7. Qxd5 Nf6 8. Qd1 Bc5 9. Nf3 O-O 10. e3 Nc6 11. Be2 Qe7 12. O-O Rfd8 13. Bd2 Rac8 14. a3 Bf5 15. Qa4 Ne5 16. Rfd1 Nd3 17. Nh4 Bd7 18. Qc2 Nxf2 19. Rf1 N2e4 20. Kh1 Nxd2 21. Qxd2 Bxe3 22. Qe1 Bg5 23. Qg3 Bxh4 24. Qxh4 Rxc3 25. bxc3 Qxe2 26. Rxf6 Bc6 27. Qf2 Rd1+ 28. Rxd1 Qxd1+ 29. Qf1 Bxg2+ 30. Kxg2 Qg4+ 31. Kh1 gxf6 32. Qxf6 Qe4+ 33. Kg1 Qg6+ 0-1

[Event "2BLN 2324 SC Rotation Pankow - Lübecker"]
[Site "?"]
[Date "2023.12.03"]
[Round "4.1"]
[White "Kalinitschew, Sergey"]
[Black "Glek, Igor"]
[Result "1/2-1/2"]
[WhiteElo "2389"]
[BlackElo "2429"]
[PlyCount "82"]
[EventDate "2023.??.??"]

1. d4 d5 2. c4 dxc4 3. Nf3 a6 4. e3 Bg4 5. Bxc4 e6 6. Nbd2 Nc6 7. Be2 Nf6 8. b3 Bb4 9. a3 Bxd2+ 10. Bxd2 Ne4 11. Rc1 Qd6 12. b4 O-O 13. O-O a5 14. bxa5 Nxd2 15. Nxd2 Bxe2 16. Qxe2 Nxa5 17. Rc5 b6 18. Rc3 e5 19. Ne4 Qg6 20. Qc2 Rfe8 21. f3 exd4 22. exd4 c6 23. a4 b5 24. axb5 cxb5 25. Qb2 Rab8 26. Rfc1 Nc4 27. Qf2 Red8 28. Rb1 Nd6 29. Re1 Nf5 30. Rd1 b4 31. Rb3 Qe6 32. Rbd3 b3 33. Qb2 Qb6 34. Ng3 Nxg3 35. hxg3 Rd5 36. Re1 Rb5 37. Ree3 h5 38. Kh2 Qd6 39. Rxb3 Rxb3 40. Rxb3 Rxb3 41. Qxb3 Qxd4 1/2-1/2

[Event "2BLN 2324 SC Rotation Pankow - Lübecker"]
[Site "?"]
[Date "2023.12.03"]
[Round "4.2"]
[White "Szelag, Marcin"]
[Black "Bornholdt, Joa Max"]
[Result "1-0"]
[WhiteElo "2397"]
[BlackElo "2260"]
[PlyCount "101"]
[EventDate "2023.??.??"]

1. e4 e5 2. Nf3 Nc6 3. Bb5 a6 4. Ba4 Nf6 5. O-O b5 6. Bb3 Bc5 7. a4 Rb8 8. axb5 axb5 9. c3 d6 10. d4 Bb6 11. h3 O-O 12. Re1 h6 13. Na3 Re8 14. Nxb5 exd4 15. cxd4 Rxe4 16. Rxe4 Nxe4 17. Qc2 Qe8 18. Nxc7 Bxc7 19. Bd5 Bb7 20. Bxe4 Bb6 21. d5 Nb4 22. Qb1 Nxd5 23. Bd2 Nf6 24. Bxb7 Rxb7 25. Qd3 Qe4 26. Qa6 Qd5 27. Be1 Ne4 28. Rc1 Rb8 29. b4 Kh7 30. Qc4 Qxc4 31. Rxc4 d5 32. Rc6 f6 33. Kf1 Rb7 34. g4 Ng5 35. Nxg5+ hxg5 36. Rd6 d4 37. Bd2 Kg6 38. Ke2 Kf7 39. Kd3 Ke7 40. Rc6 Kd7 41. b5 Rb8 42. Kc4 Bc7 43. Bb4 Rh8 44. Ra6 Rxh3 45. Kxd4 Rf3 46. Ra7 Kc8 47. Bc5 Rxf2 48. b6 Bg3 49. Kd5 Re2 50. Rxg7 Bf2 51. b7+ 1-0

[Event "2BLN 2324 SC Rotation Pankow - Lübecker"]
[Site "?"]
[Date "2023.12.03"]
[Round "4.3"]
[White "Waldhausen Gordon, Frederick"]
[Black "Tomczak, Rafal"]
[Result "1-0"]
[WhiteElo "2338"]
[BlackElo "2320"]
[PlyCount "85"]
[EventDate "2023.??.??"]

1. e4 c5 2. Nf3 d6 3. Bb5+ Bd7 4. Bxd7+ Qxd7 5. O-O Nf6 6. Re1 Nc6 7. c3 e5 8. d4 g6 9. Nbd2 Bg7 10. Nc4 O-O 11. dxc5 dxc5 12. Bg5 Qe6 13. Bxf6 Bxf6 14. Qd5 b6 15. a4 Rfd8 16. Qxe6 fxe6 17. Red1 Rab8 18. h4 Kf8 19. Kf1 Ke7 20. Ke2 h5 21. Rg1 Rh8 22. Rad1 Rbd8 23. Ra1 Kf7 24. g3 Ke7 25. Ne1 g5 26. hxg5 Bxg5 27. Nf3 Kf6 28. Rh1 Rh6 29. Rh2 Rh7 30. Rah1 Rdh8 31. Rd1 Rc7 32. Rd6 Rh6 33. Nxg5 Kxg5 34. Rxc6 Rxc6 35. Nxe5 Rc7 36. f4+ Kf6 37. Ng4+ Kg6 38. Nxh6 Rh7 39. Ng4 hxg4 40. f5+ exf5 41. exf5+ Kg7 42. Rxh7+ Kxh7 43. Ke3 1-0

[Event "2BLN 2324 SC Rotation Pankow - Lübecker"]
[Site "?"]
[Date "2023.12.03"]
[Round "4.5"]
[White "Lampe, Dirk"]
[Black "Neumeier, Lars"]
[Result "0-1"]
[WhiteElo "2155"]
[BlackElo "2314"]
[PlyCount "48"]
[EventDate "2023.??.??"]

1. e4 c5 2. Nf3 d6 3. d4 cxd4 4. Nxd4 Nf6 5. Nc3 g6 6. Be2 Bg7 7. O-O O-O 8. Re1 a6 9. Bf1 b6 10. Bg5 Bb7 11. Qd2 Re8 12. Rad1 Nbd7 13. f3 Rc8 14. Nde2 Ne5 15. b3 Qc7 16. Rc1 b5 17. Be3 e6 18. a4 d5 19. axb5 dxe4 20. b6 Qb8 21. Nxe4 Bxe4 22. fxe4 Nfg4 23. Ng3 Nxe3 24. Qxe3 Ng4 0-1

[Event "2BLN 2324 SC Rotation Pankow - Lübecker"]
[Site "?"]
[Date "2023.12.03"]
[Round "4.6"]
[White "Mueller, Michael"]
[Black "Bosselmann, Tom Linus"]
[Result "1/2-1/2"]
[WhiteElo "2232"]
[BlackElo "2118"]
[PlyCount "35"]
[EventDate "2023.??.??"]

1. d4 Nf6 2. c4 g6 3. Nc3 Bg7 4. e4 d6 5. f3 O-O 6. Bg5 c5 7. d5 e6 8. Qd2 h6 9. Be3 exd5 10. cxd5 a6 11. a4 Re8 12. Nge2 Nbd7 13. Nc1 Ne5 14. Be2 h5 15. h3 Rb8 16. O-O Qa5 17. Ra3 Qc7 18. Kh1 1/2-1/2

[Event "2BLN 2324 SC Rotation Pankow - Lübecker"]
[Site "?"]
[Date "2023.12.03"]
[Round "4.7"]
[White "Malinowsky, Levi"]
[Black "Seils, Joerg"]
[Result "0-1"]
[WhiteElo "2046"]
[BlackElo "2310"]
[PlyCount "206"]
[EventDate "2023.??.??"]

1. e4 Nf6 2. e5 Nd5 3. c4 Nb6 4. d4 d6 5. f4 dxe5 6. fxe5 Nc6 7. Be3 Bf5 8. Nc3 e6 9. Nf3 Be7 10. Bd3 Bxd3 11. Qxd3 Nb4 12. Qe2 c5 13. Rd1 cxd4 14. Nxd4 Qc8 15. b3 Nd7 16. Nf3 Nc6 17. Bf4 Bb4 18. Qc2 Nf8 19. O-O Ng6 20. Bg3 O-O 21. Ne4 Qc7 22. Neg5 Be7 23. h4 Bxg5 24. Nxg5 Qe7 25. Qe4 Rad8 26. Rd6 Ncxe5 27. Rxd8 Rxd8 28. Bxe5 Qc5+ 29. Kh1 Qxe5 30. Qxb7 Rf8 31. Qxa7 f6 32. Nf3 Qh5 33. Qd4 e5 34. Qd5+ Kh8 35. c5 Nxh4 36. Nxh4 Qxh4+ 37. Kg1 e4 38. Qd2 f5 39. c6 Qe7 40. Qe3 h6 41. a4 Qe5 42. Rc1 Rc8 43. Qc5 Qe6 44. b4 f4 45. b5 e3 46. Qc4 Qe5 47. Qe2 Qc7 48. Qg4 Rf8 49. a5 f3 50. gxf3 e2 51. Qg2 Qe5 52. Re1 Qxb5 53. Qxe2 Qxc6 54. a6 Qg6+ 55. Kf1 Qg3 56. Qe4 Rxf3+ 57. Ke2 Qf2+ 58. Kd1 Rf8 59. Qd3 Qb6 60. Re7 Rd8 61. Rd7 Rxd7 62. Qxd7 Qxa6 63. Ke1 Qf6 64. Qa4 Qf5 65. Ke2 Kh7 66. Ke1 h5 67. Qc4 Kh6 68. Qd4 Qe6+ 69. Kd2 Qf6 70. Qc4 h4 71. Qc8 Kg5 72. Qc5+ Qf5 73. Qe7+ Qf6 74. Qc5+ Kh6 75. Qc8 Qf2+ 76. Kd1 Qf3+ 77. Kd2 h3 78. Qh8+ Kg6 79. Qe8+ Kh7 80. Qe7 Qf6 81. Qe4+ Qg6 82. Qe5 Kh6 83. Ke1 Qg1+ 84. Ke2 h2 85. Qf4+ Kh5 86. Qf5+ Kh6 87. Qf4+ Kg6 88. Qe4+ Kg5 89. Qe7+ Kh5 90. Qe5+ Kh4 91. Qe7+ Qg5 92. Qb7 Qg4+ 93. Kd2 Kg3 94. Ke1 Qe6+ 95. Kd1 Qd6+ 96. Ke1 Qe5+ 97. Kd2 Qd4+ 98. Kc2 Qf2+ 99. Kc1 Qe1+ 100. Kb2 h1=Q 101. Qxg7+ Kf2 102. Qf6+ Qf3 103. Qh4+ Kf1 0-1

[Event "2BLN 2324 SC Rotation Pankow - Lübecker"]
[Site "?"]
[Date "2023.12.03"]
[Round "4.8"]
[White "Guth, Thomas"]
[Black "Sommer, Justus"]
[Result "1/2-1/2"]
[WhiteElo "2227"]
[BlackElo "2108"]
[PlyCount "53"]
[EventDate "2023.??.??"]

1. e4 e5 2. Nc3 Nf6 3. Be2 d5 4. exd5 Nxd5 5. Nxd5 Qxd5 6. d3 Bc5 7. Nf3 Nc6 8. O-O O-O 9. c3 Bf5 10. b4 Be7 11. Qb3 Qxb3 12. axb3 a6 13. Rd1 Be6 14. Nd2 Rad8 15. Nc4 Rd7 16. Bf3 Bd5 17. Bxd5 Rxd5 18. Kf1 Nd8 19. Ra5 Rxa5 20. bxa5 Bf6 21. Ke2 Ne6 22. Kd2 Bg5+ 23. Kc2 Bxc1 24. Rxc1 f6 25. Re1 Kf7 26. g3 Rd8 27. Re3 1/2-1/2

[Event "2BLN 2324 SV Glückauf Rüdersdorf - SF "]
[Site "?"]
[Date "2023.12.03"]
[Round "4.1"]
[White "Tomczak, Jacek"]
[Black "Heberla, Bartlomiej"]
[Result "1/2-1/2"]
[WhiteElo "2599"]
[BlackElo "2551"]
[PlyCount "176"]
[EventDate "2023.??.??"]

1. e4 e6 2. d4 d5 3. Nc3 Nf6 4. Bg5 h6 5. Bxf6 Qxf6 6. Bd3 Bb4 7. Nge2 dxe4 8. Bxe4 c5 9. O-O cxd4 10. Nb5 Qe5 11. Qd3 a6 12. Nbxd4 Nd7 13. a3 Be7 14. b4 O-O 15. Nb3 Nf6 16. Bf3 Rb8 17. c4 Bd7 18. c5 Bb5 19. Qc2 b6 20. c6 Nd5 21. Nbd4 Rbc8 22. Nxb5 axb5 23. Rad1 Qd6 24. Bxd5 exd5 25. Nd4 Bf6 26. Nxb5 Qxc6 27. Qxc6 Rxc6 28. Rxd5 Re8 29. g3 Re2 30. Rfd1 Rcc2 31. Rf5 Red2 32. Rxd2 Rxd2 33. Kg2 Kf8 34. Kf3 Ke7 35. Ke3 Rd1 36. Ke2 Rh1 37. h4 Ke6 38. Rf3 Kd5 39. Rd3+ Kc6 40. Na7+ Kc7 41. Nb5+ Kc6 42. a4 Ra1 43. Rd6+ Kb7 44. Rd7+ Kc6 45. Rd6+ Kb7 46. Rd7+ Kc6 47. Rc7+ Kd5 48. Rxf7 Kc4 49. Rb7 Rxa4 50. Rxb6 Kxb4 51. Nc7+ Kc5 52. Ra6 Rxa6 53. Nxa6+ Kc4 54. Kf3 Be5 55. Ke4 Bd4 56. f4 Bf2 57. Kf3 Bb6 58. h5 Kd5 59. Nb4+ Ke6 60. Ke4 Bf2 61. g4 Be1 62. Nd5 Bd2 63. Nc7+ Kf6 64. Ne8+ Kf7 65. Nd6+ Ke6 66. Nf5 Kf6 67. Nh4 Bc3 68. Kd5 Bd2 69. Ng6 Bc1 70. Kd6 Bd2 71. Kd7 Kf7 72. Nh8+ Kg8 73. Ng6 Kf7 74. Ne5+ Kf6 75. Nd3 Kf7 76. f5 Kf6 77. Ke8 Kg5 78. Kf7 Kxg4 79. Kg6 Bc3 80. Nc5 Bb2 81. Ne6 Bc3 82. Nc7 Bb2 83. Nd5 Bd4 84. Ne7 Bb2 85. Ng8 Bc3 86. f6 Bxf6 87. Nxf6+ gxf6 88. Kxh6 f5 1/2-1/2

[Event "2BLN 2324 SV Glückauf Rüdersdorf - SF "]
[Site "?"]
[Date "2023.12.03"]
[Round "4.2"]
[White "Klimkowski, Jan"]
[Black "Neiksans, Arturs"]
[Result "1/2-1/2"]
[WhiteElo "2530"]
[BlackElo "2589"]
[PlyCount "50"]
[EventDate "2023.??.??"]

1. Nf3 f5 2. g3 Nf6 3. Bg2 g6 4. O-O Bg7 5. d4 O-O 6. c4 d6 7. Nc3 c6 8. Qb3 Na6 9. Rd1 h6 10. d5 Nc5 11. Qa3 Nce4 12. Nxe4 fxe4 13. Nd4 cxd5 14. cxd5 Qb6 15. Qb3 Qxb3 16. Nxb3 a5 17. a4 Bg4 18. f3 exf3 19. exf3 Bd7 20. Be3 Rfc8 21. Bf1 Be8 22. Rd2 Bf7 23. Rad1 Be8 24. Ra1 Bf7 25. Rad1 Be8 1/2-1/2

[Event "2BLN 2324 SV Glückauf Rüdersdorf - SF "]
[Site "?"]
[Date "2023.12.03"]
[Round "4.3"]
[White "Blohberger, Felix"]
[Black "Kanarek, Marcel"]
[Result "1/2-1/2"]
[WhiteElo "2534"]
[BlackElo "2495"]
[PlyCount "130"]
[EventDate "2023.??.??"]

1. d4 Nf6 2. Nf3 g6 3. Nbd2 d5 4. b3 Bg7 5. Bb2 O-O 6. e3 Nbd7 7. Be2 c5 8. O-O cxd4 9. Bxd4 Re8 10. c4 e5 11. Bb2 e4 12. Nd4 Ne5 13. cxd5 a6 14. Ne6 Bxe6 15. dxe6 Rxe6 16. Nc4 Nxc4 17. bxc4 Qc7 18. Rb1 Nd7 19. Bd4 Rd6 20. Qd2 Nc5 21. Qb2 Bxd4 22. exd4 Ne6 23. Rfd1 b6 24. c5 bxc5 25. dxc5 Nxc5 26. Qc3 Rad8 27. Rdc1 Rd5 28. Bc4 Rh5 29. Qg3 Qe7 30. Rd1 Rxd1+ 31. Rxd1 Re5 32. Qe3 Kg7 33. Qd4 Qf6 34. h3 Rf5 35. Qe3 h5 36. Rd4 h4 37. Bd5 Re5 38. Bxe4 Qe7 39. Qc3 Qf6 40. Bf3 Re1+ 41. Qxe1 Qxd4 42. Be2 Qe5 43. Qa5 Qxe2 44. Qxc5 Qxa2 45. Qd4+ f6 46. Qxh4 Qa1+ 47. Kh2 a5 48. Qc4 a4 49. f4 Qd1 50. Qc7+ Kf8 51. Qc5+ Ke8 52. Qc6+ Ke7 53. Qe4+ Kd6 54. Qxg6 Qd4 55. Qg3 Qb2 56. Qd3+ Kc5 57. Qf5+ Kb6 58. Qe6+ Ka5 59. Qd5+ Qb5 60. Qd2+ Qb4 61. Qd5+ Kb6 62. Qe6+ Kb5 63. Qe8+ Kc4 64. Qe4+ Kc3 65. Qe1+ Kc4 1/2-1/2

[Event "2BLN 2324 SV Glückauf Rüdersdorf - SF "]
[Site "?"]
[Date "2023.12.03"]
[Round "4.4"]
[White "Leniart, Arkadiusz"]
[Black "Schmidek, Emil"]
[Result "1/2-1/2"]
[WhiteElo "2504"]
[BlackElo "2445"]
[PlyCount "99"]
[EventDate "2023.??.??"]

1. e4 c6 2. Nf3 d5 3. d3 dxe4 4. dxe4 Qxd1+ 5. Kxd1 Nf6 6. Nbd2 Nbd7 7. Ne1 e5 8. f3 Nc5 9. a4 a5 10. Nc4 Nfd7 11. Bd2 b6 12. Nd3 f6 13. Nxc5 Bxc5 14. Bd3 Ke7 15. Ke2 Rd8 16. h4 Ba6 17. Rhd1 Bd4 18. Be3 Nc5 19. Bxd4 Rxd4 20. b3 Rad8 21. Nb2 Bxd3+ 22. Nxd3 Nxd3 23. Rxd3 Rxd3 24. cxd3 Rd4 25. Kd2 Kd6 26. Kc3 Kc5 27. g3 g6 28. f4 Kd6 29. h5 c5 30. hxg6 hxg6 31. Rh1 f5 32. Rh6 fxe4 33. Rxg6+ Kc7 34. dxe4 exf4 35. gxf4 Rxe4 36. f5 Rf4 37. Rf6 Kd7 38. Kd3 Rb4 39. Kc3 Rf4 40. Rf8 Kc6 41. f6 Kd5 42. f7 Rf3+ 43. Kc2 Ke6 44. Rb8 Rxf7 45. Rxb6+ Kd5 46. Ra6 Rf2+ 47. Kc3 Rf3+ 48. Kb2 c4 49. Rxa5+ Kd4 50. bxc4 1/2-1/2

[Event "2BLN 2324 SV Glückauf Rüdersdorf - SF "]
[Site "?"]
[Date "2023.12.03"]
[Round "4.5"]
[White "Jakubowski, Krzysztof"]
[Black "Sieciechowicz, Marcin"]
[Result "0-1"]
[WhiteElo "2471"]
[BlackElo "2391"]
[PlyCount "74"]
[EventDate "2023.??.??"]

1. Nf3 Nf6 2. g3 g6 3. b3 Bg7 4. Bb2 O-O 5. c4 c6 6. Bg2 d5 7. O-O Bg4 8. d3 a5 9. Nbd2 Na6 10. a3 Rc8 11. Qc2 b5 12. Ne5 Bxe2 13. Rfe1 Bg4 14. Nxg4 Nxg4 15. Bxg7 Kxg7 16. Bh3 f5 17. Nf3 Rf6 18. Re2 bxc4 19. bxc4 Nc5 20. Rae1 Rc7 21. Bxg4 fxg4 22. Ng5 h6 23. d4 hxg5 24. dxc5 d4 25. Qe4 Rf5 26. Rd2 e5 27. Qxg4 Qf6 28. Re4 Rf3 29. Ree2 d3 30. Re1 Rf7 31. Rf1 Qf5 32. h3 e4 33. Re1 e3 34. Qd4+ Kh7 35. Rxe3 Rxf2 36. Rexd3 Re2 37. Rxe2 Qf1+ 0-1

[Event "2BLN 2324 SV Glückauf Rüdersdorf - SF "]
[Site "?"]
[Date "2023.12.03"]
[Round "4.6"]
[White "Steczek, Marcin"]
[Black "Baum, Jonasz"]
[Result "1/2-1/2"]
[WhiteElo "2340"]
[BlackElo "2421"]
[PlyCount "181"]
[EventDate "2023.??.??"]

1. d4 d5 2. c4 e6 3. Nc3 Nf6 4. Bg5 Be7 5. Nf3 O-O 6. e3 h6 7. Bh4 b6 8. cxd5 Nxd5 9. Bxe7 Qxe7 10. Nxd5 exd5 11. Rc1 Bb7 12. Be2 c5 13. dxc5 bxc5 14. O-O Nd7 15. Qb3 Rab8 16. Qa3 Ba8 17. Rc2 Qf6 18. Rfc1 Rfd8 19. b3 Qb6 20. Qa4 a5 21. Qf4 Re8 22. Bd3 Bc6 23. Bf5 a4 24. Qd6 axb3 25. axb3 Red8 26. Bxd7 Bxd7 27. Qxb6 Rxb6 28. Rxc5 Rxb3 29. Nd4 Rb2 30. Rxd5 Rc8 31. Rxc8+ Bxc8 32. h4 Ba6 33. Rd7 h5 34. Rc7 g6 35. Nf3 Bb7 36. Ng5 Bd5 37. Nh3 Kg7 38. Kh2 Kf6 39. Kg3 Rb4 40. Nf4 Bb3 41. Rc5 Re4 42. Rc3 Rb4 43. Rc6+ Kg7 44. f3 Rb5 45. e4 Ba2 46. Nd3 Bb1 47. Nc5 Rb2 48. Rd6 Ba2 49. Rd1 Bc4 50. Rc1 Bb5 51. Re1 Rc2 52. Nb3 Bc4 53. Nd4 Rd2 54. Nc6 Rc2 55. Ne5 Bb5 56. Rd1 Kf6 57. Rd6+ Kxe5 58. Rd5+ Ke6 59. Rxb5 Re2 60. Rg5 Ra2 61. Kf4 Ra4 62. Rb5 Kf6 63. g4 hxg4 64. Kxg4 Ra1 65. h5 gxh5+ 66. Rxh5 Rg1+ 67. Kf4 Kg6 68. Rh8 Kg7 69. Rh3 Kf6 70. e5+ Kg6 71. Rh8 Kg7 72. Rd8 Ra1 73. Rd6 Ra4+ 74. Kf5 Ra3 75. f4 Ra4 76. Rb6 Rc4 77. Kg5 Rc7 78. Kf5 Ra7 79. Rb8 Rc7 80. Re8 Ra7 81. Kg5 Ra6 82. Re7 Kf8 83. Rd7 f6+ 84. exf6 Ra1 85. Rb7 Rg1+ 86. Kf5 Ra1 87. Rh7 Rb1 88. f7 Rb6 89. Kg5 Ra6 90. f5 Rb6 91. f6 1/2-1/2

[Event "2BLN 2324 SV Glückauf Rüdersdorf - SF "]
[Site "?"]
[Date "2023.12.03"]
[Round "4.7"]
[White "Morgunov, Marc"]
[Black "Maciejczak, Jakub"]
[Result "1-0"]
[WhiteElo "2368"]
[BlackElo "2353"]
[PlyCount "77"]
[EventDate "2023.??.??"]

1. e4 d5 2. exd5 Qxd5 3. Nc3 Qd8 4. d4 Nf6 5. Bc4 g6 6. Nf3 Bg7 7. O-O O-O 8. h3 a6 9. a4 b6 10. Bf4 Bb7 11. Qe2 e6 12. Rfe1 Nc6 13. Rad1 Ne7 14. Bb3 Nf5 15. Be5 Re8 16. Nb1 Qe7 17. Nbd2 Rad8 18. c3 Qd7 19. a5 b5 20. Bc2 Qc8 21. Nb3 Bd5 22. Nc5 Nd6 23. b3 Qa8 24. Kh2 Nd7 25. Bxg7 Kxg7 26. Nxd7 Rxd7 27. Ne5 Rdd8 28. f3 Qa7 29. c4 Ba8 30. Ng4 f6 31. Qe3 Nf7 32. Qf4 f5 33. Ne5 bxc4 34. bxc4 c5 35. Nxf7 Kxf7 36. d5 exd5 37. Rxe8 Rxe8 38. cxd5 Qd7 39. Ba4 1-0

[Event "2BLN 2324 SV Glückauf Rüdersdorf - SF "]
[Site "?"]
[Date "2023.12.03"]
[Round "4.8"]
[White "Dudzinski, Piotr"]
[Black "Polzin, Rainer"]
[Result "1/2-1/2"]
[WhiteElo "2335"]
[BlackElo "2408"]
[PlyCount "161"]
[EventDate "2023.??.??"]

1. e4 c5 2. c3 e6 3. d4 d5 4. exd5 exd5 5. Nf3 Nc6 6. Bb5 Bd6 7. O-O Nf6 8. Bg5 Be6 9. dxc5 Bxc5 10. Nd4 O-O 11. Bxc6 bxc6 12. b4 Bb6 13. Nd2 c5 14. bxc5 Bxc5 15. Qf3 Rc8 16. Rfe1 Re8 17. Nf5 Bxf5 18. Qxf5 Qd7 19. Qxd7 Nxd7 20. Rxe8+ Rxe8 21. Kf1 h6 22. Bf4 g5 23. Bg3 f5 24. f3 f4 25. Be1 Ne5 26. Rd1 Bb6 27. Nb3 Nc4 28. Bf2 Ne3+ 29. Bxe3 Rxe3 30. Rxd5 Rxc3 31. Nd2 Rc1+ 32. Ke2 Rc2 33. Kd3 Rxa2 34. Rd7 Kf8 35. Ne4 Rxg2 36. Nf6 Bd8 37. Ng4 h5 38. Ne5 Ke8 39. Rxa7 Rxh2 40. Ke4 Rc2 41. Rh7 Bc7 42. Nd7 Kd8 43. Nf6 Re2+ 44. Kd5 g4 45. fxg4 f3 46. Nxh5 f2 47. Rf7 Bb6 48. g5 Re1 49. g6 f1=Q 50. Rxf1 Rxf1 51. g7 Rg1 52. Ke6 Bd4 53. Kf7 Bxg7 54. Nxg7 Kd7 55. Kf6 Kd6 56. Nf5+ Kd5 57. Ne7+ Ke4 58. Ke6 Ra1 59. Kd6 Kd4 60. Nc6+ Kc4 61. Ne5+ Kc3 62. Kd5 Rd1+ 63. Ke4 Re1+ 64. Kd5 Re2 65. Nc6 Rd2+ 66. Ke4 Rd6 67. Ne5 Ra6 68. Kd5 Kb4 69. Nc6+ Kb5 70. Nd4+ Kb6 71. Ne6 Ra5+ 72. Ke4 Kc6 73. Nd4+ Kd6 74. Nf5+ Kc5 75. Ke5 Ra8 76. Nd6 Kc6 77. Ne4 Ra4 78. Nf6 Ra5+ 79. Kd4 Kd6 80. Ne4+ Ke6 81. Nc5+ 1/2-1/2

[Event "2BLN 2324 Hamburger SK II - HSK Lister "]
[Site "?"]
[Date "2023.12.03"]
[Round "4.1"]
[White "von Mettenheim, Johannes"]
[Black "Lubbe, Nikolas"]
[Result "0-1"]
[WhiteElo "2292"]
[BlackElo "2496"]
[PlyCount "66"]
[EventDate "2023.??.??"]

1. d4 Nf6 2. Nf3 e6 3. c4 c5 4. d5 exd5 5. cxd5 d6 6. Nc3 g6 7. h3 Bg7 8. e4 O-O 9. Be3 b6 10. Bd3 Ba6 11. O-O Re8 12. Re1 Bxd3 13. Qxd3 a6 14. Bf4 Nh5 15. Bh2 b5 16. e5 dxe5 17. Bxe5 Bxe5 18. Nxe5 Qd6 19. Ng4 Nd7 20. Ne4 Qf8 21. Qd2 Rad8 22. Nh6+ Kg7 23. Ng5 Ndf6 24. Ngxf7 Rxd5 25. Qc3 Nf4 26. Ng4 Rd4 27. Nge5 Qe7 28. Ng5 Qxe5 29. Rxe5 Rxe5 30. Kh2 Rxg5 31. g3 Nd3 32. Qa5 Nxf2 33. Rf1 N2e4 0-1

[Event "2BLN 2324 Hamburger SK II - HSK Lister "]
[Site "?"]
[Date "2023.12.03"]
[Round "4.2"]
[White "Colpe, Malte"]
[Black "Hoeffer, David"]
[Result "1-0"]
[WhiteElo "2375"]
[BlackElo "2310"]
[PlyCount "69"]
[EventDate "2023.??.??"]

1. d4 d5 2. Nf3 Nf6 3. c3 e6 4. Bf4 c5 5. e3 Nc6 6. Nbd2 Bd6 7. Bg3 O-O 8. Bd3 h6 9. Ne5 Bxe5 10. dxe5 Nd7 11. Qh5 f5 12. Nf3 a6 13. Bf4 Qe8 14. Qh4 Qd8 15. Qg3 Kf7 16. h4 Qe7 17. h5 Ke8 18. O-O b5 19. a4 b4 20. Nh4 Qf7 21. Ng6 Rg8 22. c4 Nf8 23. Rac1 d4 24. e4 fxe4 25. Bxe4 Bb7 26. Bd2 Ra7 27. Nxf8 Qxf8 28. f4 Ne7 29. Bh7 Rh8 30. Bd3 Qf7 31. f5 Kd7 32. Rce1 Raa8 33. Qh3 Raf8 34. f6 Nc6 35. Bg6 1-0

[Event "2BLN 2324 Hamburger SK II - HSK Lister "]
[Site "?"]
[Date "2023.12.03"]
[Round "4.3"]
[White "Voege, Tobias"]
[Black "Woelk, Tom-Frederic"]
[Result "0-1"]
[WhiteElo "2298"]
[BlackElo "2377"]
[PlyCount "60"]
[EventDate "2023.??.??"]

1. d4 Nf6 2. c4 e6 3. Nf3 d5 4. Nc3 c6 5. Bg5 h6 6. Bh4 dxc4 7. e4 g5 8. Bg3 b5 9. h4 g4 10. Ne5 Nbd7 11. Be2 Nxe5 12. Bxe5 Rg8 13. f3 Nd7 14. Bf4 Qf6 15. Be3 gxf3 16. Bxf3 e5 17. O-O Qxh4 18. Bh5 Nf6 19. Qf3 Qxh5 20. Qxf6 Be6 21. d5 Be7 22. Qxh6 Qxh6 23. Bxh6 Bc5+ 24. Kh2 Rh8 25. dxe6 Rxh6+ 26. Kg3 Rxe6 27. Kg4 Ke7 28. Kf5 Rg8 29. g4 f6 30. Nb1 Rg5# 0-1

[Event "2BLN 2324 Hamburger SK II - HSK Lister "]
[Site "?"]
[Date "2023.12.03"]
[Round "4.4"]
[White "Van Delft, Merijn"]
[Black "Polster, Christian"]
[Result "1-0"]
[WhiteElo "2369"]
[BlackElo "2257"]
[PlyCount "111"]
[EventDate "2023.??.??"]

1. Nf3 Nf6 2. g3 d5 3. Bg2 c6 4. O-O Bf5 5. d3 h6 6. Nbd2 Nbd7 7. b3 e6 8. Bb2 Bh7 9. c4 Be7 10. a3 a5 11. Ra2 O-O 12. Qa1 Ne8 13. Re1 Bf6 14. b4 Nd6 15. Rc1 Re8 16. Nb3 axb4 17. axb4 Rxa2 18. Qxa2 Qa8 19. Qxa8 Rxa8 20. Bxf6 Nxf6 21. Na5 Ra7 22. Ne5 Kf8 23. f3 dxc4 24. Nexc4 Nxc4 25. Rxc4 Nd5 26. Kf2 e5 27. f4 Nb6 28. Rc1 f6 29. e4 exf4 30. gxf4 f5 31. Ke3 fxe4 32. dxe4 Bg8 33. h4 Be6 34. Kd4 Nd7 35. f5 Bg8 36. e5 c5+ 37. Rxc5 Nxc5 38. Kxc5 Bh7 39. Be4 Ra8 40. Nxb7 Rc8+ 41. Bc6 Ra8 42. Nd6 Ra1 43. b5 Rc1+ 44. Kd5 Ke7 45. h5 Bg8+ 46. Kd4 Rd1+ 47. Kc5 Rc1+ 48. Kb6 Bc4 49. Nxc4 Rxc4 50. Kc7 Rf4 51. b6 Rxf5 52. b7 Rf8 53. Bd7 Rf1 54. b8=Q Rc1+ 55. Bc6 g5 56. Qe8# 1-0

[Event "2BLN 2324 Hamburger SK II - HSK Lister "]
[Site "?"]
[Date "2023.12.03"]
[Round "4.5"]
[White "Gentemann, Moritz"]
[Black "Balcerak, Philipp"]
[Result "0-1"]
[WhiteElo "2253"]
[BlackElo "2346"]
[PlyCount "102"]
[EventDate "2023.??.??"]

1. c4 c6 2. Nf3 Nf6 3. Nc3 d5 4. e3 a6 5. d4 Bf5 6. h3 e6 7. g4 Bg6 8. Ne5 dxc4 9. Bxc4 Nbd7 10. Nxg6 hxg6 11. g5 Nd5 12. e4 N5b6 13. Bb3 c5 14. d5 c4 15. dxe6 Ne5 16. exf7+ Kxf7 17. Qxd8 Rxd8 18. Bc2 Bc5 19. Ke2 Rh4 20. Be3 Bxe3 21. Kxe3 Rdh8 22. f4 Nc6 23. Bd1 Nb4 24. Rc1 Nd3 25. Bg4 Nxc1 26. Rxc1 Rd8 27. f5 Rd3+ 28. Ke2 Rh8 29. e5 Rhd8 30. Ne4 gxf5 31. Bxf5 R3d5 32. e6+ Ke7 33. Bg4 Re5 34. Ke3 Rd3+ 35. Kf4 Rb5 36. Be2 Nd5+ 37. Kg4 Re3 38. Bf3 Rb4 39. a3 Rxb2 40. Ng3 Re5 41. Nf5+ Kxe6 42. Nxg7+ Kf7 43. Nf5 b5 44. h4 Rd2 45. h5 Ne3+ 46. Nxe3 Rd4+ 47. Kg3 Rxe3 48. Kg2 Rd2+ 49. Kg3 Rdd3 50. Rf1 c3 51. Kg4 Rxf3 0-1